| 000 | 00995nam a2200217Ii 4500 | ||
|---|---|---|---|
| 003 | JO-AjNU | ||
| 008 | 230605s9999||||xx |||||||||||||| ||und|| | ||
| 020 | _a978-9957-87-437-7 | ||
| 040 |
_aJO-AjNU _bara _erda _cJO-AjNU |
||
| 041 | _aara | ||
| 050 | 1 | 4 | _aHG3261.2021 |
| 100 | 3 |
_aاشراف مبيضين، مهند، باحث رئيسي فارس سورمالي، باحث مساعد نارمين فياض، مراجعة وتقيق تاريخي سليمات الشقيرات, _eauthor _963482 |
|
| 245 | 0 | 0 | _aالبنوك الاردنية في مئة عام من مسيرة الدولة |
| 250 | _aط1 | ||
| 264 | 3 | 1 | _aالاردن/عمان، مركز التوثيق الملكي الاردني الهاشمي، 2021 |
| 300 |
_a345ص _bيتضمن على صور |
||
| 336 |
_atext _btxt _2rdacontent |
||
| 337 |
_aunmediated _bn _2rdamedia |
||
| 338 |
_avolume _bnc _2rdacarrier |
||
| 650 | 4 |
_aالبنوك-الاعمال المصرفية-التاريخ الاقتصادي-الاردن _963483 |
|
| 999 |
_aA28799 _c32367 _d32367 |
||